000 00438nam a2200181Ia 4500
003 OSt
005 20241009122414.0
008 210210b1966 xxu||||| |||| 00| 0 eng d
040 _cAL
082 _a824 LADW
100 _aLADY BIRD BOOK SERIES
_9181953
245 _aWarwick the kingmaker.
260 _aEngland
_bWills & Hepworth Ltd.
_c1966
300 _a50
690 _aEnglish Prose
_9181954
906 _a037756
942 _2ddc
_cBK
999 _c88158
_d88158